000 00368nam a22001577a 4500
003 CEME
005 20210628205202.0
008 210211b xxu||||| |||| 00| 0 eng d
040 _c.
082 _a004.22 WAS
100 _aStone, H,.S
_974323
245 _aHigh performance computer architecture
250 _a3RD
260 _bJHON WILEY
_c1993
942 _cBK
_2ddc
999 _c579868
_d579868